Word Chain - World Cities #1 - Statistics

General Stats
  • This quiz has been taken 247 times
  • The average score is 19 of 33
Answer Stats
Hint Answer % Correct
City of Oktoberfest Munich
97%
Home of the oldest English University Oxford
94%
Remains of Parthenon can be found here Athens
89%
Famous for its Pyramids Giza
89%
Second largest city in the above's country Hamburg
88%
Largest city in Scandinavia Stockholm
88%
Home of modern Pizza Naples
83%
Opera house location Sydney
83%
Site of second atomic bombing in WWII Nagasaki
80%
Capital of a thin South American country Santiago
80%
Most populous city in New Zealand Auckland
72%
Heart of Bollywood Mumbai
72%
Home of Christ the Redeemer Rio de Janeiro
72%
Current Asian capital which was former capital of Persia Tehran
70%
Capital city surrounded by the Himalayas Kathmandu
66%
Capital of a landlocked Eastern European country Minsk
65%
Cathedral city in England with Roman origins York
65%
North American capital got it's name from a river Ottawa
59%
Venice of the North Amsterdam
57%
Neighboring capital of the above's country Islamabad
57%
This US Capital's name consists the state it belongs to Indianapolis
50%
Oldest current capital city Damascus
47%
Most populous city in Africa Kinshasa
45%
Religious center of the Netherlands Utrecht
44%
Africa's largest aquarium is here Durban
41%
City invaded by Russia Kyiv
39%
Canadian festival city Edmonton
37%
Exists in both Spain and Venezuela Valencia
30%
US City which is also an instagram filter Nashville
27%
Queen city of the plains Denver
24%
City with Grand Palace and Shrines Bangkok
12%
Major transport hub of central Europe Zagreb
7%
Californian city with coastal redwoods Santa Cruz
6%
No matching quizzes found
Score Distribution
Percent of People with Each Score
Percentile by Number Answered
Your Score History
You have not taken this quiz